| 000 | 00391nam a22001697a 4500 | ||
|---|---|---|---|
| 003 | NUST | ||
| 020 | _a9781259064814 | ||
| 038 | _aKhadija | ||
| 082 |
_a658.15 _bBLA |
||
| 100 |
_aBlank, Leland _989763 |
||
| 245 | _aBasics of Engineering Economy | ||
| 260 |
_aNew Delhi : _bMcGraw Hill, _c2013. |
||
| 300 |
_a420 p. ; _b24 cm. |
||
| 500 | _aPaperback. | ||
| 563 | _aPB | ||
| 942 |
_cBK _2ddc |
||
| 999 |
_c33698 _d33698 |
||